Filmographie de Leonardo DiCaprio - Statistiques

Statistiques générales
  • Ce quiz a été pris 187 fois
    50 depuis la dernière actualisation
  • Le résultat moyen est 14 sur 61
Statistiques - réponses
Hint Réponse % Correct
Films 1997 Titanic
95%
Films 2013 Le Loup de Wall Street
84%
Producteur 2013 Le Loup de Wall Street
84%
Films 2019 Once Upon a Time… in Hollywood
73%
Films 2010 Shutter Island
73%
Producteur 2010 Shutter Island
73%
Films 2015 The Revenant
70%
Films 2002 Arrête-moi si tu peux
65%
Films 2004 Aviator
65%
Producteur 2004 Aviator
65%
Films 2010 Inception
59%
Films 2012 Django Unchained
57%
Films 2025 Une bataille après l'autre
51%
Films 2006 Les Infiltrés
49%
Films 2013 Gatsby le Magnifique
46%
Films 1996 Roméo + Juliette
46%
Films 2021 Don't Look Up : Déni cosmique
43%
Films 2000 La Plage
43%
Films 2002 Gangs of New York
41%
Films 1995 Basketball Diaries
35%
Films 2023 Killers of the Flower Moon
35%
Films 2008 Les Noces rebelles
30%
Films 2006 Blood Diamond
27%
Films 1993 Gilbert Grape
27%
Films 1998 L'Homme au masque de fer
14%
Films 1991 Critters 3
8%
Films 2011 J. Edgar
8%
Films 1993 Blessures secrètes
5%
Films 1995 Mort ou vif
5%
Films 1995 Rimbaud Verlaine
5%
Films 1998 Celebrity
3%
Télévision 1991-1992 Quoi de neuf docteur ?
3%
Films 1992 Fleur de poison
3%
Films 2008 Mensonges d'État
3%
Films 1996 Simples Secrets
3%
Documentaires 2016 Avant le déluge
0%
Films 2001 Don's Plum
0%
Producteur 2009 Esther
0%
Producteur 2007 Gardener of Eden
0%
Documentaires 2010 Hubble 3D
0%
Producteur 2008 In Dark Woods
0%
Documentaires 2007 La Onzième Heure, le dernier virage
0%
Producteur 2007 La Onzième Heure, le dernier virage
0%
Scénariste 2007 La Onzième Heure, le dernier virage
0%
Producteur 2019 Le Cas Richard Jewell
0%
Producteur 2011 Le Chaperon rouge
0%
Producteur 2013 Les Brasiers de la colère
0%
Producteur 2011 Les Marches du pouvoir
0%
Producteur 2016 Live by Night
0%
Télévision 1990 Parenthood
0%
Producteur 2013 Players
0%
Producteur 2018 Robin des Bois
0%
Télévision 1979 Romper Room
0%
Télévision 1991 Roseanne
0%
Télévision 1990 Santa Barbara
0%
Producteur 2004 The Assassination of Richard Nixon
0%
Télévision Prochainement The Devil in the White City
0%
Films 1994 The Foot Shooting Party
0%
Télévision 1990 The New Lassie
0%
Producteur 2022 Whakaari : Dans le piège du volcan
0%
Films Prochainement What Happens at Night
0%
Aucun quiz correspondant
Distribution des résultats
% des personnes avec chaque résultat
Percentile par nombre de réponses
Votre historique - résultats
Vous n’avez pas pris ce quiz depuis la dernière actualisation